| 000 | 00924nam a22002417a 4500 | ||
|---|---|---|---|
| 003 | LK-CoMWRAF | ||
| 005 | 20231010104119.0 | ||
| 008 | 231010b |||||||| |||| 00| 0 eng d | ||
| 020 | _a1932827579 | ||
| 040 |
_aLK-CoMWRAF _dLK-CoMWRAF _eLK-CoMWRAF |
||
| 041 | _aeng | ||
| 082 |
_a305.4 _bCON |
||
| 245 |
_aConceptualising Islamic law, CEDAW, and women's human rights in plural legal settings: _ba comparative analysis of application of CEDAW in Bangladesh, India, and Pakistan |
||
| 260 |
_aNew Delhi: _bUNIFEM-South Asia Regional Office, _c2006 |
||
| 300 | _a xii, 354 p. ; 22 cm. | ||
| 650 | _aWOMEN(ISLAMIC LAW) | ||
| 650 | _aMuslim women-Legal status, laws, -Pakistan. . | ||
| 650 | _aMuslim women-Legal status, laws, -India | ||
| 650 | _aMuslim women-Legal status, laws, -Bangladesh. | ||
| 700 |
_a Ali, Shaheen Sardar. _eed. |
||
| 856 | _uhttps://ngdp-ncsw.org.pk/storage/5feb0668e51f7.pdf | ||
| 942 | _cBK | ||
| 999 |
_c3825 _d3825 |
||